01295nam a2200217 a 450000100060000000300090000600800410001502000150005604000280007108200170009910000270011624500220014326000630016530000110022850505790023959000490081865000290086794200120089699900170090895201520092517183CO-ViMGA141112s2004 ck r 000 u spa d a9586554910 aCO-ViMGAbspacCO-ViMGA04a614.88 P373p1 aPerez, Germán92439010aPrimeros auxilios aMedellín (Antioquia), cUniversidad de Antioquia, c2001 a212.p. aGeneralidades sobre primeros auxilios Descripción anatómica del cuerpo humano Signos vitales Valoración de los estados de conciencia y crisis convulsiva Hemorragias , heridas y cuerpos extraños Quemaduras y accidentes por exposición al calor y el frio Choque y lipotimia Paro respiratorio y cardiaco , reanimación cardio - cerebro - pulmonar Intoxicaciones Mordeduras y picaduras Lesiones muscuesqueléticas , inmovilizaciones y vendajes Transporte de lesionados Deshidratación por diarrea Malestar abdominal agudo Sida y primeros auxilios Atención al parto aForma de adquisición : Premio - Mincultura14aPRIMEROS AUXILIOS912063 2ddccBK c26764d26764 00102ddc40708002aMEVIECARbMEVIECARd2015-12-04hVolumen. 1 | 11/jun/2009l0o614.88 P373p p17183r2015-12-04 00:00:00tEj. 1w2015-12-04yBK